000 00587nam a2200217 4500
003 OSt
005 20240726020058.0
006 a
008 240726b |||||||| |||| 00| 0 eng d
020 _a9780600617433
040 _aDWCL-Main lib.
_cOC
082 _aGR. 030 As819t 2010
100 _aAsh, Russell
245 _aTop 10 of everything 2011 /
260 _aWood Street, Bath. :
_bHamlyn,
_cc2010.
300 _b256 p. : col. ill. ;
_c31 cm.
504 _aIncludes index.
650 _a1. Curiosities and wonders.
650 _a2. World records.
942 _2ddc
_n0
_cGR
_kGR.
999 _c2776
_d2776